000 00357nam a2200157Ia 4500
008 230711s9999||||xx |||||||||||||| ||und||
041 _aENG
082 _a530
_bCH-F
100 _aCheng,David K
245 0 _aField and wave electromegnetic
250 _a1st Ed.
260 _c2005
_aNew Delhi
_bPearson
300 _a719
650 _aPhysics
942 _cBK
999 _c4467
_d4467